Zwycięzcy oscara za najlepszy film - Statystyki

Ogólne statystyki
  • Ten quiz został rozwiązany 395 razy
  • Średni wynik to 25 z 91
Statystyki odpowiedzi
Rok Tytuł % Poprawnych
1998 Titanic
74%
1973 Ojciec Chrzestny
66%
1995 Forrest Gump
58%
2019 Green Book
58%
2017 Moonlight
53%
2004 Władca Pierścieni: Powrót Króla
50%
2001 Gladiator
48%
1976 Lot nad kukułczym gniazdem
47%
2018 Kształt Wody
45%
1992 Milczenie Owiec
44%
1940 Przeminęło z wiatrem
44%
1975 Ojciec Chrzestny II
43%
1994 Lista Schindlera
42%
2002 Piękny Umysł
42%
1944 Casablanca
41%
2016 Spotlight
41%
2015 Birdman
40%
2011 Jak zostać królem
40%
2007 Infiltracja
39%
2013 Operacja Argo
39%
2000 American Beauty
38%
2008 To nie jest kraj dla starych ludzi
38%
1999 Zakochany Szekspir
37%
2012 Artysta
36%
1987 Pluton
36%
1960 Ben Hur
35%
2009 Slumdog
35%
2003 Chicago
34%
2005 Za Wszelką Cenę
34%
1991 Tańczący z wilkami
33%
2010 The Hurt Locker
33%
1997 Angielski Pacjent
32%
1996 Braveheart
32%
1979 Łowca Jeleni
32%
1989 Rain Man
32%
1977 Rocky
32%
2014 Zniewolony
32%
1993 Bez Przebaczenia
31%
1980 Sprawa Kramerów
31%
1974 Żądło
30%
2006 Miasto Gniewu
29%
1985 Amadeusz
28%
1990 Wożąc Panią Daisy
28%
1983 Gandhi
27%
1958 Most na Rzece Kwai
27%
1972 Francuski Łącznik
25%
1988 Ostatni Cesarz
25%
1978 Annie Hall
24%
1984 Czułe Słówka
24%
1986 Pożegnanie z Afryką
24%
1963 Lawrence z Arabii
23%
1971 Patton
23%
1929 Skrzydła
23%
1962 West Side Story
23%
1935 Ich Noce
21%
1955 Na nabrzeżach
21%
1982 Rydwany Ognia
21%
1961 Garsoniera
20%
1949 Hamlet
20%
1957 W 80 dni Dookoła Świata
20%
1981 Zwyczajni Ludzie
20%
1970 Nocny Kowboj
19%
1966 Dźwięki Muzyki
18%
1959 Gigi
18%
1969 Oliver!
18%
1951 Wszystko o Ewie
18%
1950 Gubernator
17%
1956 Marty
17%
1941 Rebeka
17%
1930 Na Zachodzie Bez Zmian
16%
1964 Tom Jones
16%
1938 Życie Emila Zoli
16%
1952 Amerykanin w Paryżu
15%
1936 Bunt Na Bounty
15%
1937 Król Kobiet
15%
1930 Melodia Broadwayu
15%
1954 Stąd do wieczności
14%
1934 Kawalkada
13%
1965 My Fair Lady
13%
1947 Najlepsze lata naszego życia
12%
1942 Zielona Dolina
12%
1931 Cimarron
11%
1953 Największe Widowisko Świata
11%
1943 Pani Miniver
11%
1968 W upalną noc
11%
1967 Oto jest głowa zdrajcy
10%
1948 Dżentelmeńska Umowa
9%
1932 Ludzie Hotelu
9%
1939 Cieszmy się życiem
8%
1945 Idąc moją drogą
8%
1946 Stracony Weekend
8%
Nie znaleziono quizów pasujących do podanych kryteriów
Rozkład punktacji
Procent ludzi z każdym wynikiem
Percentyl według liczby udzielonych odpowiedzi
Twoja historia wyników
Nie rozwiązałeś tego quizu